| 000 | 00500nam a22001697a 4500 | ||
|---|---|---|---|
| 999 |
_c8964 _d8964 |
||
| 008 | 210308b ||||| |||| 00| 0 eng d | ||
| 040 | _aBMS College of Architecture | ||
| 100 | _aFathima, Sobiya | ||
| 245 | _aRevival of mud art | ||
| 300 | _a39p. | ||
| 500 | _a1BM08AT053 | ||
| 502 |
_8B.Arch _NBMS College of Architecture, Visvesvaraya Technological University (VTU) _aProject report _d2013 |
||
| 650 | _aArt | ||
| 700 |
_aVaseem A S _eGuide |
||
| 700 |
_aSathish S Rao _eGuide |
||
| 942 |
_2ddc _cTHE |
||